Retour de France : l'essor européen : conférence donnée a l’Institut Français d’Amérique Latine le jeudi 9 août 1962 /

Сохранить в:
Библиографические подробности
Главный автор: Rangel Couto, Hugo (autor)
Формат:
Язык:французский
Опубликовано: México : Institut Français d'Amérique Latine, 1962
Метки: Добавить метку
Нет меток, Требуется 1-ая метка записи!

MARC

LEADER 00000nam^a2200000^a^4500
001 000440624
005 20250526000000.0
009 20260310123342.066
037 |a Acervo ITESO - Biblioteca 
041 |a FRA 
091 |a FHM. 10013 
100 |a Rangel Couto, Hugo  |e (autor) 
245 1 0 |a Retour de France :  |b l'essor européen : conférence donnée a l’Institut Français d’Amérique Latine le jeudi 9 août 1962 / 
264 1 |a México :  |b Institut Français d'Amérique Latine,  |c 1962 
300 |a 16 p. ;  |c 23.0 cm. 
336 |a texto  |b txt  |2 rdacontenido 
337 |a sin mediación  |b n  |2 rdamedio 
338 |a volumen  |b nc  |2 rdasoporte 
649 |a XX 
910 |a Fondo Hugo B. Margáin 
920 |a Impresos - Libros 
930 |a Libros Antiguos y Raros 
905 |a 126 
901 |a 0500324900  |b IT2  |c LRA  |i D118444  |u 20250526 
902 |a https://opac.biblio.iteso.mx/vufind/Record/000440624